000 01647cam a22004694i 4500
003 PE-LiUPU
005 20250731173507.0
008 150616s r 000 0 d
020 _a093348805X
035 _a(Sirsi) i9780933488052
040 _aPE-LiUPU
_bspa
_cPE-LiUPU
_erda
049 _aPRUA
082 0 4 _a299.93
_bW55
_221
100 1 _aWhite, Carol,
_eautor.
245 1 4 _aThe New Dark Ages Conspiracy; Britain's Plot to Destroy Civilation /
_cCarol White.
264 1 _aNew York :
_bThe New Benjamin Franklin House publishing Co.,
_c1980.
300 _a400 páginas ;
_c18 centímetros
336 _atext
_2rdacontent
337 _aunmediated
_2rdamedia
338 _avolume
_2rdacarrier
504 _aIncluye bibliografía.
505 0 _aBertrand Russel walks out -- The open cospiracy -- "We can't" make the same Mistake -- The truth about Hitler -- Dropshot -- The cult of science Hitler.
526 _aSEG42
526 _aSEG41
526 _aSEG40
526 _aSEG39
526 _aP94
526 _aP87
526 _aP86
526 _aP85
526 _aP77
526 _aP76
526 _aP35
650 0 4 _aNueva era.
910 _ajck
_bjvq
_cjck
942 _2ddc
_cBOOK
949 _a299.93 W55
_wDEWEY
_c1
_i40512
_lCCODEBUL1
_mBUL
_r0
_sY
_tBOOK
_u2015-6-16
_xTEOLOGIA
_zUNKNOWN
_0COMPRA
_o.STAFF. Colección General
994 _aC0
_bPEPRU
596 _a1
999 _a299.93 W55
_wDEWEY
_c58303
_i40512
_f2021-11-12
_g5
_lCCODEBUL1
_mBUL
_r0
_sY
_tBOOK
_u2015-6-16
_xTEOLOGIA
_zUNKNOWN
_0COMPRA
_o.STAFF. Colección General
_d58303
980 _81
_gALBERTO SANCHEZ Responsable de Automatización